Rangers Goalkeeper By Year - Statistics

General Stats
  • This quiz has been taken 387 times
    13 since last reset
  • The average score is 15 of 23
Answer Stats
Season Goalkeeper % Correct
2022-23 Allan McGregor
85%
2021-22 Allan McGregor
85%
2020-21 Allan McGregor
85%
2019-20 Allan McGregor
85%
2018-19 Allan McGregor
85%
2011-12 Allan McGregor
85%
2010-11 Allan McGregor
85%
2009-10 Allan McGregor
85%
2008-09 Allan McGregor
85%
2007-08 Allan McGregor
85%
2006-07 Allan McGregor
85%
2025-26 Jack Butland
77%
2024-25 Jack Butland
77%
2023-24 Jack Butland
77%
2004-05 Stefan Klos
38%
2003-04 Stefan Klos
38%
2002-03 Stefan Klos
38%
2001-02 Stefan Klos
38%
2000-01 Stefan Klos
38%
1999-00 Stefan Klos
38%
2017-18 Wes Foderingham
31%
2016-17 Wes Foderingham
31%
2005-06 Ronald Waterreus
23%
No matching quizzes found
Score Distribution
Percent of People with Each Score
Percentile by Number Answered
Your Score History
You have not taken this quiz since the last reset